[Event "2018 Aurora Spring Open - U2000"]
[Site "Aurora, Ontario, Canada"]
[Date "2018.03.24"]
[Round "1.2"]
[White "Robertson, Kole"]
[Black "Osler, Brian"]
[Result "1-0"]
[WhiteElo "1877"]
[BlackElo "1665"]
[PlyCount "65"]
[EventDate "2018.03.24"]

1. f4 e6 2. Nf3 d5 3. e3 Nf6 4. d4 b6 5. Nbd2 Ba6 6. Bxa6 Nxa6 7. c3 c6 8. Ne5
Qc8 9. Qe2 c5 10. Qb5+ Ke7 11. O-O Nc7 12. Qe2 Nce8 13. e4 Nd6 14. exd5 Nxd5
15. f5 Nxf5 16. Rxf5 exf5 17. Ng6+ Kd7 18. Nxh8 Qe8 19. Qf2 g6 20. Nc4 Bg7 21.
Bf4 Qxh8 22. dxc5 b5 23. c6+ Kd8 24. Rd1 bxc4 25. Rxd5+ Kc8 26. c7 Bf6 27. Qf3
Qe8 28. Rd8+ Bxd8 29. Qxa8+ Kd7 30. Qxd8+ Qxd8 31. cxd8=Q+ Kxd8 32. Kf2 Kd7 33.
Ke3 1-0

[Event "2018 Aurora Spring Open - U2000"]
[Site "Aurora, Ontario, Canada"]
[Date "2018.03.24"]
[Round "1.3"]
[White "Wang, Eric"]
[Black "Mcglynn, Danny"]
[Result "1-0"]
[WhiteElo "1663"]
[BlackElo "1849"]
[PlyCount "83"]
[EventDate "2018.03.24"]

1. c4 e6 2. Nc3 b6 3. e4 Bb7 4. g3 Bb4 5. Bg2 Bxc3 6. bxc3 Nf6 7. d3 O-O 8. Ne2
d6 9. O-O Nbd7 10. f4 Nc5 11. Ba3 Nfd7 12. Qc2 f5 13. exf5 Bxg2 14. Kxg2 exf5
15. Nd4 Qc8 16. Rae1 Rf7 17. Re3 Nf6 18. h3 Qd7 19. Rfe1 Re8 20. Rxe8+ Nxe8 21.
Bxc5 dxc5 22. Nf3 Re7 23. Rxe7 Qxe7 24. Ne5 Qd6 25. Qa4 Nf6 26. Qxa7 g6 27.
Qa8+ Kg7 28. Qc6 Qxc6+ 29. Nxc6 Kf7 30. Ne5+ Ke6 31. g4 g5 32. fxg5 Nd5 33.
cxd5+ Kxe5 34. gxf5 Kxf5 35. Kg3 Kxg5 36. h4+ Kf5 37. Kf3 Ke5 38. Kg4 Kf6 39.
h5 b5 40. a3 h6 41. Kf4 Kf7 42. Kf5 1-0

[Event "2018 Aurora Spring Open - U2000"]
[Site "Aurora, Ontario, Canada"]
[Date "2018.03.24"]
[Round "1.4"]
[White "Liu, Harrison (Hangchen)"]
[Black "Zarezadegan, Fariborz"]
[Result "1-0"]
[WhiteElo "1797"]
[BlackElo "1663"]
[PlyCount "55"]
[EventDate "2018.03.24"]

1. e4 e5 2. Nf3 Nc6 3. Bb5 a6 4. Ba4 b5 5. Bb3 Nf6 6. O-O Be7 7. Re1 O-O 8. c3
d5 9. exd5 Nxd5 10. Nxe5 Nxe5 11. Rxe5 c6 12. d3 Bd6 13. Bg5 Qc7 14. Re4 Bxh2+
15. Kh1 Bf5 16. Rh4 Bg3 17. fxg3 Qxg3 18. Bxd5 Rae8 19. Be4 h6 20. Qh5 Bg6 21.
Qg4 Qe1+ 22. Kh2 hxg5 23. Qxg5 Re5 24. Qg3 Rxe4 25. dxe4 Qc1 26. Qh3 f6 27.
Rh8+ Kf7 28. Qd7# 1-0

[Event "2018 Aurora Spring Open - U2000"]
[Site "Aurora, Ontario, Canada"]
[Date "2018.03.24"]
[Round "1.5"]
[White "Galvis, Nicolas Pinto"]
[Black "Moran-Venegas, Mario"]
[Result "1-0"]
[WhiteElo "1620"]
[BlackElo "1794"]
[PlyCount "81"]
[EventDate "2018.03.24"]

1. Nf3 c5 2. c4 Nc6 3. d4 cxd4 4. Nxd4 Nf6 5. Nc3 g6 6. g3 Bg7 7. Bg2 O-O 8.
O-O Qb6 9. Nb3 d6 10. Qd3 Ne5 11. Nd5 Nxd5 12. Qxd5 e6 13. c5 Qb5 14. Qxd6 Qxe2
15. Nd4 Qd3 16. c6 bxc6 17. Bxc6 Nxc6 18. Qxc6 Ba6 19. Be3 Rfc8 20. Qa4 Bb7 21.
Qb3 Qe4 22. f3 Qe5 23. Rfe1 Bd5 24. Qd3 Qh5 25. Rf1 Bc4 26. Qe4 Bxf1 27. Rxf1
Rab8 28. b3 Rb4 29. a3 Rb6 30. b4 Rd6 31. Qb7 Rf8 32. Qxa7 Bxd4 33. Bxd4 Qd5
34. Bc5 Ra8 35. Qe7 Rd7 36. Qh4 Rxa3 37. Be7 Rxf3 38. Rc1 Qd2 39. Rc8+ Kg7 40.
Bf8+ Kg8 41. Bh6+ 1-0

[Event "2018 Aurora Spring Open - U2000"]
[Site "Aurora, Ontario, Canada"]
[Date "2018.03.24"]
[Round "1.6"]
[White "Gao, Raymond"]
[Black "Barbarich, Zdravko"]
[Result "1-0"]
[WhiteElo "1793"]
[BlackElo "1616"]
[PlyCount "69"]
[EventDate "2018.03.24"]

1. e4 c5 2. Nf3 d6 3. Bb5+ Bd7 4. Bxd7+ Qxd7 5. c4 Nf6 6. Nc3 e6 7. d4 cxd4 8.
Nxd4 Be7 9. Be3 Nc6 10. O-O O-O 11. f3 d5 12. cxd5 exd5 13. Nf5 dxe4 14. fxe4
Rfd8 15. Qf3 Bf8 16. Rad1 Qe6 17. Nd5 Nxd5 18. exd5 Qf6 19. Nh6+ Kh8 20. Nxf7+
Kg8 21. Qxf6 gxf6 22. Nxd8 Nxd8 23. Rc1 Nf7 24. Rc7 Nd6 25. Bf4 Ne4 26. Re1 f5
27. Rxb7 Rd8 28. Rb8 Rd7 29. g4 Rg7 30. Bh6 Rxg4+ 31. Kf1 Kf7 32. Rxf8+ Kg6 33.
Rg8+ Kxh6 34. Rxg4 Nd2+ 35. Ke2 1-0

[Event "2018 Aurora Spring Open - U2000"]
[Site "Aurora, Ontario, Canada"]
[Date "2018.03.24"]
[Round "1.7"]
[White "Qiao, Joey"]
[Black "Zhao, Jeffrey R"]
[Result "1-0"]
[WhiteElo "1609"]
[BlackElo "1787"]
[PlyCount "155"]
[EventDate "2018.03.24"]

1. e4 c5 2. Nf3 d6 3. d4 cxd4 4. Nxd4 Nf6 5. Nc3 a6 6. a4 e5 7. Nb3 Be6 8. Be2
Nc6 9. Be3 Be7 10. h3 O-O 11. O-O d5 12. exd5 Nxd5 13. Nxd5 Bxd5 14. Bf3 Bxf3
15. Qxf3 Qc7 16. Qe2 Bf6 17. c3 Rfe8 18. Rfd1 e4 19. Rd2 Rad8 20. Rad1 Rxd2 21.
Rxd2 h6 22. Kh1 Ne5 23. Bf4 Qc6 24. Bxe5 Bxe5 25. Na5 Qxa4 26. Nxb7 Rc8 27. Rd5
Bf6 28. Nc5 Qc6 29. Qxa6 Qxd5 30. Qxc8+ Kh7 31. Nd7 Be7 32. Nf8+ Bxf8 33. Qxf8
f5 34. b4 Qe5 35. Qc5 Qe6 36. Qe3 Qe5 37. f3 Qd5 38. fxe4 fxe4 39. Kg1 Qd1+ 40.
Kf2 Qd5 41. Qe2 Qf5+ 42. Ke3 Qe5 43. Qc2 Qg5+ 44. Kf2 Qf4+ 45. Ke2 Kh8 46. b5
e3 47. Ke1 Qg3+ 48. Kd1 Qh2 49. Qe2 Qd6+ 50. Kc2 Qe6 51. Kd3 Qe5 52. c4 Qf5+
53. Kxe3 Qe5+ 54. Kd3 Qd6+ 55. Kc2 Qb4 56. Qd3 Qc5 57. Kb3 Qg1 58. Qd8+ Kh7 59.
b6 Qb1+ 60. Ka4 Qa2+ 61. Kb5 Qb3+ 62. Kc5 Qa3+ 63. Kc6 Qa4+ 64. Kd6 Qxc4 65. b7
Qb4+ 66. Kc7 Qa5+ 67. Kc8 Qc5+ 68. Kb8 Qe5+ 69. Qc7 Qe8+ 70. Ka7 Qa4+ 71. Kb6
Qb4+ 72. Ka6 Qa3+ 73. Qa5 Qd6+ 74. Ka7 Qd4+ 75. Ka8 Qe4 76. g4 Qg2 77. Qc7 Kh8
78. Qc8+ 1-0

[Event "2018 Aurora Spring Open - U2000"]
[Site "Aurora, Ontario, Canada"]
[Date "2018.03.24"]
[Round "1.8"]
[White "Hannah, Brandon"]
[Black "Botha, Charl Elmo"]
[Result "1-0"]
[WhiteElo "1777"]
[BlackElo "1603"]
[PlyCount "61"]
[EventDate "2018.03.24"]

1. d4 b6 2. e4 Bb7 3. Bd3 e6 4. Nf3 h6 5. O-O Nf6 6. e5 Nd5 7. a3 c5 8. c4 Nc7
9. dxc5 Bxc5 10. Nc3 a5 11. Qe2 Nc6 12. Ne4 Qe7 13. Rd1 O-O-O 14. Be3 f6 15.
Nd6+ Kb8 16. Bxc5 bxc5 17. Be4 f5 18. Bxc6 Bxc6 19. Qe3 Na6 20. b4 Kc7 21. b5
Bxf3 22. Qxf3 Rb8 23. bxa6 Rb6 24. a7 Qf8 25. Rab1 Qa8 26. Nb5+ Rxb5 27. cxb5
Qxf3 28. b6+ Kb7 29. Rxd7+ Kc8 30. Rc7+ Kd8 31. gxf3 1-0

[Event "2018 Aurora Spring Open - U2000"]
[Site "Aurora, Ontario, Canada"]
[Date "2018.03.24"]
[Round "1.9"]
[White "Qu, Greta"]
[Black "Huang, Youhe"]
[Result "0-1"]
[WhiteElo "1581"]
[BlackElo "1761"]
[PlyCount "110"]
[EventDate "2018.03.24"]

1. e4 c5 2. Nf3 d6 3. Bb5+ Bd7 4. Bxd7+ Qxd7 5. O-O Nc6 6. c3 g6 7. d4 cxd4 8.
cxd4 Bg7 9. Nc3 e6 10. Re1 Nge7 11. Bf4 Rd8 12. Nb5 e5 13. dxe5 dxe5 14. Qxd7+
Rxd7 15. Be3 a6 16. Nc3 Nd4 17. Rad1 O-O 18. Na4 Rfd8 19. Nc3 b5 20. a3 f5 21.
exf5 gxf5 22. Bg5 Nxf3+ 23. gxf3 Rxd1 24. Rxd1 Rxd1+ 25. Nxd1 Nc6 26. Bd2 Nd4
27. Kg2 Kf7 28. Nc3 Ke6 29. Nd1 Nb3 30. Bc3 f4 31. Be1 Nc1 32. Bd2 Nd3 33. Kf1
e4 34. Ke2 Nxb2 35. fxe4 f3+ 36. Ke1 Nd3+ 37. Kf1 Bf8 38. a4 bxa4 39. Nc3 Bb4
40. Nb1 a3 41. Nc3 a2 42. Nxa2 Bxd2 43. e5 Kxe5 44. h4 Kf4 45. h5 Kg5 46. h6
Kxh6 47. Kg1 Kg5 48. Kf1 h5 49. Kg1 h4 50. Kf1 h3 51. Kg1 Kg4 52. Nb4 Bxb4 53.
Kf1 Bd6 54. Kg1 h2+ 55. Kf1 h1=Q# 0-1

[Event "2018 Aurora Spring Open - U2000"]
[Site "Aurora, Ontario, Canada"]
[Date "2018.03.24"]
[Round "1.10"]
[White "Rusonik, Greg"]
[Black "Ai, Amy"]
[Result "1-0"]
[WhiteElo "1751"]
[BlackElo "1579"]
[PlyCount "75"]
[EventDate "2018.03.24"]

1. e4 c5 2. Nf3 Nc6 3. d4 cxd4 4. Nxd4 g6 5. Nc3 Bg7 6. Be3 d6 7. Bc4 Nf6 8. f3
Bd7 9. Qd2 a6 10. O-O-O Ne5 11. Bb3 Rc8 12. Kb1 Nc4 13. Bxc4 Rxc4 14. g4 Qc7
15. h4 h5 16. g5 Nh7 17. Nd5 Qd8 18. b3 Rc8 19. Nf5 Kf8 20. Bb6 Qe8 21. Nfxe7
Rc5 22. Bxc5 dxc5 23. Nc7 Qxe7 24. Qxd7 Bd4 25. Qxe7+ Kxe7 26. c3 Be5 27. Nd5+
Ke6 28. f4 Bb8 29. Rhf1 b5 30. c4 bxc4 31. bxc4 Bd6 32. e5 Rb8+ 33. Kc2 Bf8 34.
Rb1 Rxb1 35. Rxb1 Be7 36. Rb6+ Kf5 37. Nxe7+ Kxf4 38. e6 1-0

[Event "2018 Aurora Spring Open - U2000"]
[Site "Aurora, Ontario, Canada"]
[Date "2018.03.24"]
[Round "1.11"]
[White "Shen, Isamel"]
[Black "Sharpe, Michael D"]
[Result "1-0"]
[WhiteElo "1559"]
[BlackElo "1745"]
[PlyCount "113"]
[EventDate "2018.03.24"]

1. e4 c5 2. Nf3 d6 3. d4 cxd4 4. Nxd4 Nf6 5. Nc3 a6 6. Be2 e5 7. Nb3 Be7 8. O-O
Be6 9. Be3 b5 10. a3 O-O 11. f4 Qc7 12. f5 Bc4 13. Bxc4 Qxc4 14. Nd2 Qc6 15.
Bg5 Nbd7 16. Nf3 Nb6 17. Qe2 Rac8 18. Rac1 Rfe8 19. Qf2 Bd8 20. Rfd1 Nbd7 21.
Qe2 Nc5 22. Bxf6 Bxf6 23. Nd5 Nd7 24. Rd3 Bd8 25. Nd2 Nf6 26. Nxf6+ Bxf6 27. c3
Red8 28. Qf3 Qb6+ 29. Kh1 a5 30. Nf1 Qb7 31. Rcd1 Be7 32. Ne3 f6 33. Nd5 Bf8
34. Qg4 Qf7 35. Rh3 Be7 36. Rdd3 b4 37. Rxh7 Kxh7 38. Rh3+ Kg8 39. Qh4 Kf8 40.
Qh8+ Qg8 41. Qxg8+ Kxg8 42. Nxe7+ Kf7 43. Nxc8 Rxc8 44. Rd3 bxc3 45. Rxc3 Rxc3
46. bxc3 Ke7 47. Kg1 Kd7 48. Kf2 Kc6 49. Ke3 Kb5 50. Kd3 Ka4 51. Kc2 Kxa3 52.
g4 Ka4 53. h4 Kb5 54. g5 Kc6 55. gxf6 gxf6 56. h5 Kd7 57. h6 1-0

[Event "2018 Aurora Spring Open - U2000"]
[Site "Aurora, Ontario, Canada"]
[Date "2018.03.24"]
[Round "1.12"]
[White "O'sullivan, Patrick"]
[Black "Armstrong, Robert J"]
[Result "1-0"]
[WhiteElo "1744"]
[BlackElo "1557"]
[PlyCount "69"]
[EventDate "2018.03.24"]

1. e4 g6 2. d4 Bg7 3. Nc3 d6 4. Be3 c6 5. Qd2 b5 6. f3 b4 7. Nce2 a5 8. Nf4 e5
9. dxe5 Bxe5 10. Bd4 Qf6 11. Bxe5 Qxe5 12. O-O-O Ke7 13. g4 Nf6 14. g5 Nfd7 15.
h4 a4 16. Nd3 Qe6 17. Nxb4 a3 18. b3 Qe5 19. Qd4 Nc5 20. Nh3 Be6 21. Qxe5 dxe5
22. Nf2 Rc8 23. Nbd3 Nbd7 24. Nxc5 Nxc5 25. Nd3 Na4 26. c4 Nc3 27. Rd2 Bxc4 28.
bxc4 f6 29. gxf6+ Kxf6 30. Nc5 Ra7 31. Rc2 Na4 32. Nxa4 Rxa4 33. Rc3 Rb8 34.
Rh2 Rab4 35. Bd3 1-0

[Event "2018 Aurora Spring Open - U2000"]
[Site "Aurora, Ontario, Canada"]
[Date "2018.03.24"]
[Round "1.13"]
[White "Crnilovic, Grisha"]
[Black "Joseph Benher, Savio"]
[Result "1-0"]
[WhiteElo "1542"]
[BlackElo "1743"]
[PlyCount "71"]
[EventDate "2018.03.24"]

1. e4 c5 2. Nf3 d6 3. d4 cxd4 4. Nxd4 Nf6 5. Nc3 g6 6. Bc4 Bg7 7. Be3 O-O 8.
Qd2 Ng4 9. Bg5 Qc7 10. Bb3 Qc5 11. Nf3 Nc6 12. h3 Nge5 13. Be3 Nxf3+ 14. gxf3
Qh5 15. O-O-O Qxf3 16. h4 h5 17. Rdg1 Bg4 18. Nd5 Qxe4 19. Nf4 Nd4 20. Bd5 Qe5
21. Nxg6 Nb3+ 22. cxb3 Rac8+ 23. Bc4 Qe4 24. Nxf8 d5 25. Qc2 Qxc2+ 26. Kxc2
Kxf8 27. Rh2 b5 28. Rhg2 bxc4 29. bxc4 Rxc4+ 30. Kb3 Rc7 31. f3 Rb7+ 32. Ka3 d4
33. fxg4 hxg4 34. Rxg4 dxe3 35. Rxg7 f5 36. R7g5 1-0

[Event "2018 Aurora Spring Open - U2000"]
[Site "Aurora, Ontario, Canada"]
[Date "2018.03.24"]
[Round "1.14"]
[White "Ganea, Mihai"]
[Black "Xie, Austin"]
[Result "1/2-1/2"]
[WhiteElo "1717"]
[BlackElo "1522"]
[PlyCount "62"]
[EventDate "2018.03.24"]

1. Nf3 d5 2. c4 e6 3. g3 Nf6 4. Bg2 Nc6 5. d4 Be7 6. O-O O-O 7. b3 b6 8. Bb2
Ba6 9. Nbd2 Qd7 10. Rc1 Rac8 11. Re1 Rfd8 12. a3 Bb7 13. b4 a5 14. b5 Nb8 15.
Qb3 dxc4 16. Nxc4 Qe8 17. Nfe5 Bxg2 18. Kxg2 Nfd7 19. Qf3 Nxe5 20. Nxe5 f6 21.
Nc6 Nxc6 22. Rxc6 Rd6 23. Rec1 Qd7 24. h3 Rxc6 25. Rxc6 Qd5 26. Qxd5 exd5 27.
a4 Bd6 28. Kf3 Re8 29. Bc1 Re4 30. e3 h5 31. Bd2 f5 1/2-1/2

[Event "2018 Aurora Spring Open - U2000"]
[Site "Aurora, Ontario, Canada"]
[Date "2018.03.24"]
[Round "2.2"]
[White "O'sullivan, Patrick"]
[Black "Robertson, Kole"]
[Result "1/2-1/2"]
[WhiteElo "1744"]
[BlackElo "1877"]
[PlyCount "90"]
[EventDate "2018.03.24"]

1. e4 e6 2. d4 d5 3. Nc3 Bb4 4. e5 Ne7 5. Nf3 Nd7 6. Bd3 c5 7. a3 cxd4 8. axb4
dxc3 9. O-O Nc6 10. Qe1 Nxb4 11. Qxc3 Nxd3 12. Qxd3 Qc7 13. Re1 O-O 14. Nd4
Nxe5 15. Qg3 f6 16. Bf4 Qb6 17. Bxe5 fxe5 18. Qxe5 Rf6 19. Ra3 Qb4 20. h4 Qd2
21. Rf3 Rxf3 22. Nxf3 Qxc2 23. Ng5 Qg6 24. Qd6 Qf6 25. Re3 Qf8 26. Qc7 Qe8 27.
Rf3 Bd7 28. Rf7 Rd8 29. h5 h6 30. Qe5 Qxf7 31. Nxf7 Kxf7 32. Qc7 Ke8 33. Qxb7
a5 34. Kf1 a4 35. Ke1 Rc8 36. Kd2 Rc4 37. g3 e5 38. Qb8+ Kf7 39. Qxe5 Be6 40.
f4 Re4 41. Qc7+ Kg8 42. Qe7 Bf7 43. Qd8+ Re8 44. Qa5 Re4 45. Qc5 Rc4 1/2-1/2

[Event "2018 Aurora Spring Open - U2000"]
[Site "Aurora, Ontario, Canada"]
[Date "2018.03.24"]
[Round "2.3"]
[White "Wang, Eric"]
[Black "Liu, Harrison (Hangchen)"]
[Result "1-0"]
[WhiteElo "1663"]
[BlackElo "1797"]
[PlyCount "67"]
[EventDate "2018.03.24"]

1. c4 Nf6 2. Nc3 d5 3. cxd5 Nxd5 4. e4 Nxc3 5. bxc3 g6 6. d4 Bg7 7. Nf3 O-O 8.
g3 c5 9. Bg2 Nc6 10. Be3 Bg4 11. Qb3 Bxf3 12. Bxf3 cxd4 13. cxd4 Nxd4 14. Bxd4
Bxd4 15. Rd1 Qa5+ 16. Kf1 e5 17. Kg2 b5 18. Rc1 Rac8 19. Rc2 Rxc2 20. Qxc2 Qc3
21. Qe2 Qb2 22. Qxb2 Bxb2 23. Rb1 Bd4 24. Rxb5 Rc8 25. Bd1 Rc1 26. Bb3 Re1 27.
Rb8+ Kg7 28. Rb7 Rxe4 29. Rxf7+ Kh6 30. Rc7 a5 31. Kf3 Re1 32. Bg8 g5 33. Kg4
Bxf2 34. Kf5 1-0

[Event "2018 Aurora Spring Open - U2000"]
[Site "Aurora, Ontario, Canada"]
[Date "2018.03.24"]
[Round "2.4"]
[White "Galvis, Nicolas Pinto"]
[Black "Gao, Raymond"]
[Result "1/2-1/2"]
[WhiteElo "1620"]
[BlackElo "1793"]
[PlyCount "44"]
[EventDate "2018.03.24"]

1. d4 Nf6 2. c4 e6 3. Nf3 b6 4. g3 Bb7 5. Bg2 Be7 6. Nc3 O-O 7. O-O c5 8. b3 d5
9. cxd5 Nxd5 10. Nxd5 exd5 11. Bb2 Bf6 12. Rc1 Re8 13. Qd2 Nd7 14. Rfd1 g6 15.
e3 Rc8 16. Qd3 Qe7 17. Qb5 Bg7 18. Ba3 a6 19. Qd3 Qe4 20. Qe2 Qe6 21. Bb2 Nf6
22. dxc5 Ne4 1/2-1/2

[Event "2018 Aurora Spring Open - U2000"]
[Site "Aurora, Ontario, Canada"]
[Date "2018.03.24"]
[Round "2.5"]
[White "Qiao, Joey"]
[Black "Hannah, Brandon"]
[Result "1-0"]
[WhiteElo "1609"]
[BlackElo "1777"]
[PlyCount "97"]
[EventDate "2018.03.24"]

1. e4 c5 2. Nf3 d6 3. d4 cxd4 4. Nxd4 Nf6 5. Nc3 a6 6. a4 b6 7. Be2 Nbd7 8. Bf3
Bb7 9. Nb3 Rc8 10. Be3 e6 11. Qd2 Ne5 12. Qe2 Nc4 13. Rb1 Be7 14. Nd2 Nxe3 15.
Qxe3 O-O 16. O-O Nd7 17. Qe2 Ne5 18. Rfd1 Qc7 19. Qe3 Bf6 20. Be2 Rfd8 21. f4
Nd7 22. Nc4 Bxc3 23. bxc3 d5 24. exd5 Bxd5 25. Nxb6 Nxb6 26. Rxb6 Bc4 27. Rxd8+
Rxd8 28. Bf3 h6 29. Rb7 Qd6 30. Rb6 Qa3 31. Rb4 Qa1+ 32. Kf2 Qf1+ 33. Kg3 a5
34. Rb7 Rc8 35. Ra7 Ba6 36. Qb6 Qe1+ 37. Qf2 Qf1 38. Qxf1 Bxf1 39. Kf2 Bc4 40.
Rxa5 Kf8 41. Ke3 Rc7 42. Kd4 Bf1 43. Rc5 Ra7 44. a5 Ke7 45. c4 Rd7+ 46. Ke3 Ra7
47. Kf2 Bxc4 48. Rxc4 Rxa5 49. Ke3 1-0

[Event "2018 Aurora Spring Open - U2000"]
[Site "Aurora, Ontario, Canada"]
[Date "2018.03.24"]
[Round "2.6"]
[White "Huang, Youhe"]
[Black "Shen, Isamel"]
[Result "1-0"]
[WhiteElo "1761"]
[BlackElo "1559"]
[PlyCount "41"]
[EventDate "2018.03.24"]

1. e4 e5 2. Nf3 Nc6 3. Bc4 Bc5 4. b4 Bxb4 5. c3 Ba5 6. d4 Nf6 7. dxe5 Ng4 8.
Bxf7+ Kxf7 9. Ng5+ Ke8 10. Qxg4 Nxe5 11. Qg3 d6 12. f4 Nf7 13. O-O Qe7 14. Ba3
Kd8 15. Nxf7+ Qxf7 16. e5 Qc4 17. Qg5+ Ke8 18. Re1 Qf7 19. exd6+ Be6 20. f5
Bb6+ 21. Kh1 1-0

[Event "2018 Aurora Spring Open - U2000"]
[Site "Aurora, Ontario, Canada"]
[Date "2018.03.24"]
[Round "2.7"]
[White "Uthayakumar, Ronan"]
[Black "Crnilovic, Grisha"]
[Result "1-0"]
[WhiteElo "1794"]
[BlackElo "1542"]
[PlyCount "69"]
[EventDate "2018.03.24"]

1. e4 e5 2. Nf3 Nc6 3. Bb5 f5 4. d3 Nf6 5. O-O d6 6. Nc3 fxe4 7. dxe4 Bg4 8.
Nd5 a6 9. Be2 Nxe4 10. Nxe5 Bxe2 11. Qxe2 Nxe5 12. Qxe4 c6 13. Nc3 Be7 14. Bf4
Ng6 15. Rad1 Nxf4 16. Qxf4 Qc7 17. Rfe1 Rf8 18. Qxd6 Qxd6 19. Rxd6 Rd8 20. Rde6
Rd7 21. Na4 Kf7 22. Nb6 Rc7 23. Nc4 Bc5 24. Nd6+ Bxd6 25. Rxd6 Re8 26. Rxe8
Kxe8 27. Kf1 Re7 28. Rd2 Kf7 29. Re2 Rd7 30. Ke1 Kf6 31. Re3 Rd5 32. Ke2 g6 33.
Rd3 Re5+ 34. Kd2 Ke7 35. Re3 1-0

[Event "2018 Aurora Spring Open - U2000"]
[Site "Aurora, Ontario, Canada"]
[Date "2018.03.24"]
[Round "2.8"]
[White "Jordan, John"]
[Black "Ganea, Mihai"]
[Result "0-1"]
[WhiteElo "1694"]
[BlackElo "1717"]
[PlyCount "52"]
[EventDate "2018.03.24"]

1. d4 e6 2. Nf3 Nf6 3. Bg5 Be7 4. c4 b6 5. Nc3 Bb7 6. e3 Ne4 7. Bxe7 Qxe7 8.
Be2 Nxc3 9. bxc3 O-O 10. O-O d6 11. Qc2 e5 12. e4 exd4 13. cxd4 Bxe4 14. Qd2
Qf6 15. Rfe1 Nc6 16. Rad1 h6 17. h3 Rae8 18. Nh2 Bf5 19. d5 Ne5 20. f4 Ng6 21.
Bf1 Qh4 22. Nf3 Qxf4 23. Qc3 Qg3 24. Kh1 Nh4 25. Re3 Rxe3 26. Qxe3 Bxh3 0-1

[Event "2018 Aurora Spring Open - U2000"]
[Site "Aurora, Ontario, Canada"]
[Date "2018.03.24"]
[Round "2.10"]
[White "Xie, Austin"]
[Black "Xiao, Edward"]
[Result "1-0"]
[WhiteElo "1522"]
[BlackElo "1510"]
[PlyCount "91"]
[EventDate "2018.03.24"]

1. e4 c5 2. Nc3 Nc6 3. f4 d6 4. Nf3 Bg4 5. Bb5 Qc7 6. O-O a6 7. Bxc6+ Qxc6 8.
d4 g6 9. Be3 b6 10. dxc5 bxc5 11. h3 Bxf3 12. Rxf3 Bg7 13. Qd3 Nf6 14. Rb1 O-O
15. Nd5 Nxd5 16. exd5 Qb5 17. c4 Qa4 18. a3 Rab8 19. Bc1 Rb7 20. b3 Qd7 21. b4
Rfb8 22. Bd2 Bd4+ 23. Kh1 Kf8 24. Rff1 Kg8 25. f5 Kg7 26. fxg6 hxg6 27. Qf3 Rf8
28. bxc5 dxc5 29. Be3 Bxe3 30. Qxe3 Rxb1 31. Rxb1 Qd6 32. Rb7 Re8 33. a4 Kf8
34. a5 Kg7 35. Rb6 Qc7 36. Rxa6 Rb8 37. Qc3+ Kg8 38. Qe1 Qf4 39. Rb6 Rxb6 40.
axb6 Qd6 41. b7 Kf8 42. Qb1 Qb8 43. Qb5 f6 44. Qd7 Qe5 45. Qc8+ Kf7 46. b8=Q
1-0

[Event "2018 Aurora Spring Open - U2000"]
[Site "Aurora, Ontario, Canada"]
[Date "2018.03.24"]
[Round "2.11"]
[White "Mcglynn, Danny"]
[Black "Zarezadegan, Fariborz"]
[Result "1-0"]
[WhiteElo "1849"]
[BlackElo "1663"]
[PlyCount "115"]
[EventDate "2018.03.24"]

1. e4 e5 2. f4 d5 3. exd5 e4 4. d3 Qxd5 5. Qe2 Nf6 6. Nc3 Bb4 7. Bd2 Bxc3 8.
Bxc3 Bg4 9. Nf3 Nbd7 10. h3 Bxf3 11. gxf3 O-O-O 12. fxe4 Qc5 13. O-O-O Nb6 14.
d4 Qe7 15. Bg2 Rhe8 16. Rhe1 Nbd5 17. Bd2 Qd7 18. Qd3 Nb6 19. c3 c5 20. d5 c4
21. Qd4 Qb5 22. Kb1 Na4 23. Bc1 Nd7 24. e5 Ndc5 25. Bf1 Nb6 26. d6 Ne6 27. Qe3
Nd5 28. Qf3 Nb6 29. Bg2 Rd7 30. Be3 Na4 31. Bc1 Nb6 32. Re2 Nc5 33. Be3 Nba4
34. Bxc5 Qxc5 35. Rd5 Qg1+ 36. Kc2 Qa1 37. Rb5 Qxa2 38. Rxb7 Nb6 39. Rxb6 Qa4+
40. Kd2 axb6 41. Qc6+ Qxc6 42. Bxc6 g6 43. Re4 f5 44. Rxc4 Rf8 45. Ra4 Rb7 46.
e6 Rf6 47. Bxb7+ Kxb7 48. d7 Kc7 49. Ra7+ Kd8 50. Ra8+ Ke7 51. d8=Q+ Kxe6 52.
Qxb6+ Kd5 53. Qxf6 Ke4 54. Re8+ Kf3 55. Qh4 h5 56. Re3+ Kg2 57. Qg3+ Kf1 58.
Re1# 1-0

[Event "2018 Aurora Spring Open - U2000"]
[Site "Aurora, Ontario, Canada"]
[Date "2018.03.24"]
[Round "2.12"]
[White "Moran-Venegas, Mario"]
[Black "Barbarich, Zdravko"]
[Result "1-0"]
[WhiteElo "1794"]
[BlackElo "1616"]
[PlyCount "83"]
[EventDate "2018.03.24"]

1. e4 c5 2. Nf3 d6 3. d4 cxd4 4. Nxd4 Nf6 5. Nc3 a6 6. Bg5 e6 7. f4 Be7 8. Qf3
Qc7 9. O-O-O Nbd7 10. g4 h6 11. Bh4 g5 12. Bg3 gxf4 13. Bh4 Ne5 14. Qxf4 Nfxg4
15. Bxe7 Qxe7 16. h4 Qf6 17. Qxf6 Nxf6 18. Bh3 b5 19. Rhf1 Ke7 20. Nf3 Nc4 21.
Rde1 e5 22. Bxc8 Raxc8 23. Re2 Rhg8 24. Ref2 b4 25. Nd5+ Nxd5 26. exd5 Ne3 27.
Re1 Nxd5 28. Nd4 Rg6 29. Nf5+ Kd7 30. Rd1 Rf6 31. Rxd5 Rc5 32. Rxc5 dxc5 33.
Kd2 Rg6 34. Ne3 Ke6 35. Kd3 Rg3 36. Ke4 Rh3 37. Nf5 h5 38. Rd2 f6 39. Rd6+ Kf7
40. Rxa6 Rh1 41. Ra7+ Kg6 42. Rg7# 1-0

[Event "2018 Aurora Spring Open - U2000"]
[Site "Aurora, Ontario, Canada"]
[Date "2018.03.24"]
[Round "2.13"]
[White "Zhao, Jeffrey R"]
[Black "Botha, Charl Elmo"]
[Result "1/2-1/2"]
[WhiteElo "1787"]
[BlackElo "1603"]
[PlyCount "129"]
[EventDate "2018.03.24"]

1. e4 b6 2. d4 Bb7 3. Nc3 e6 4. Nf3 Bb4 5. Bd3 Nf6 6. Qe2 h6 7. Bd2 d6 8. a3
Bxc3 9. Bxc3 Nbd7 10. O-O O-O 11. Bd2 e5 12. d5 Nc5 13. b4 Nxd3 14. cxd3 c6 15.
dxc6 Bxc6 16. h3 Qd7 17. Nh4 Kh7 18. Qf3 Ng8 19. Qg3 Qe6 20. f4 Rac8 21. fxe5
dxe5 22. Rf5 Rfe8 23. Raf1 Rc7 24. Bc3 f6 25. Bd2 Qf7 26. R5f3 Bd7 27. R3f2 Re7
28. d4 Bb5 29. Rd1 exd4 30. Nf5 Red7 31. Nd6 Qh5 32. Re1 Rc6 33. Nxb5 Qxb5 34.
Bf4 Rc3 35. Rf3 Rxf3 36. Qxf3 d3 37. e5 d2 38. Rd1 Qd5 39. Qe2 fxe5 40. Rxd2
Qe6 41. Rxd7 Qxd7 42. Qxe5 Ne7 43. b5 Ng6 44. Qe4 Qxb5 45. Bd6 a5 46. Bf4 Qh5
47. Be3 b5 48. Bd4 a4 49. Kh2 Qg5 50. Qd3 Kg8 51. Bc3 Kf7 52. Qd2 Ne7 53. Qd4
Nd5 54. Bd2 Qf5 55. Qc5 Ne7 56. Qd6 g5 57. Kg1 Qf6 58. Qc5 Qf5 59. Qd4 Qe6 60.
Bc3 Nf5 61. Qh8 Qe3+ 62. Kh2 Qf4+ 63. Kg1 Qe3+ 64. Kh2 Qg3+ 65. Kg1 1/2-1/2

[Event "2018 Aurora Spring Open - U2000"]
[Site "Aurora, Ontario, Canada"]
[Date "2018.03.24"]
[Round "2.14"]
[White "Sharpe, Michael D"]
[Black "Qu, Greta"]
[Result "1-0"]
[WhiteElo "1745"]
[BlackElo "1581"]
[PlyCount "71"]
[EventDate "2018.03.24"]

1. c4 Nf6 2. Nc3 d5 3. d4 g6 4. g3 Bg7 5. Bg2 dxc4 6. Qa4+ Nbd7 7. Nf3 O-O 8.
Qxc4 Nb6 9. Qb3 Bf5 10. Bf4 Rb8 11. O-O Nbd5 12. Be5 Be6 13. Qa3 a6 14. Ng5
Nxc3 15. Qxc3 Nd5 16. Qa5 Nb6 17. Nxe6 fxe6 18. Rac1 Na8 19. Bh3 Qd7 20. Rfd1
Kh8 21. Bxg7+ Kxg7 22. Qe5+ Rf6 23. d5 Qb5 24. Bxe6 Qb6 25. Rf1 Qa5 26. g4 h6
27. h4 Kh7 28. g5 Rff8 29. h5 gxh5 30. Bf5+ Kg8 31. Qe6+ Rf7 32. g6 Rbf8 33.
gxf7+ Rxf7 34. Bg6 Kh8 35. Qxf7 Qxa2 36. Qh7# 1-0

[Event "2018 Aurora Spring Open - U2000"]
[Site "Aurora, Ontario, Canada"]
[Date "2018.03.24"]
[Round "2.15"]
[White "Joseph Benher, Savio"]
[Black "Ai, Amy"]
[Result "1-0"]
[WhiteElo "1743"]
[BlackElo "1579"]
[PlyCount "59"]
[EventDate "2018.03.24"]

1. e4 c5 2. Nf3 Nc6 3. Bb5 g6 4. Bxc6 bxc6 5. O-O Nf6 6. Re1 Bg7 7. Nc3 O-O 8.
d3 d6 9. h3 Rb8 10. Rb1 Ba6 11. Bf4 Re8 12. e5 Nd5 13. Nxd5 cxd5 14. exd6 Rxb2
15. Rxb2 Bxb2 16. Qb1 Bg7 17. dxe7 Rxe7 18. Rxe7 Qxe7 19. Qb8+ Bf8 20. Bh6 f6
21. a4 Kf7 22. Bxf8 Qxf8 23. Qxa7+ Kg8 24. Qxa6 f5 25. Qe6+ Kh8 26. Qe5+ Kg8
27. Qxd5+ Kh8 28. a5 Qh6 29. Qd8+ Kg7 30. Qg5 1-0